Guess the Disease by Organ Manifestations - Statistics

General Stats
  • This quiz has been taken 9 times
  • The average score is 8 of 10
Answer Stats
Hint Answer % Correct
Bronchiectasis, chronic pancreatitis, constipation Cystic Fibrosis
100%
Polyarthritis, glomerulonephritis, pleuritis, malar rash Systemic Lupus Erythematosus
100%
Bloody diarrhea, pyoderma gangrenosum, risk of colon cancer Ulcerative Colitis
100%
Megaloblastic anemia, subacute combined degeneration of spinal cord Vitamin B12 Deficiency
100%
Bone lytic lesions, anemia, susceptibility to infections, nephrolithiasis Multiple Myeloma
86%
Hemolytic anemia, bone pain, asplenia Sickle Cell Disease
86%
Aortic aneurysms, tabes dorsalis, Argyll Robertson pupils Syphilis
86%
Restrictive lung disease, restrictive cardiomyopathy, erythema nodosum Sarcoidosis
57%
Nephrotic syndrome, cataracts, peripheral (axonal) polyneuropathy Diabetes Mellitus
43%
Swimmer's itch, portal hypertension, pulmonary hypertension Schistosomiasis
43%
No matching quizzes found
Score Distribution
Percent of People with Each Score
Percentile by Number Answered
Your Score History
You have not taken this quiz